|
|
|
|
| LEADER |
00000cam a2200000 a 4500 |
| 001 |
vtls001061435 |
| 003 |
SK-MaSNL |
| 005 |
20260302063658.0 |
| 008 |
240226s1990 xo l frp 000 0 slo |
| 015 |
|
|
|a SNBA1990/04
|
| 020 |
|
|
|a 8005002033
|q (brožované)
|
| 035 |
|
|
|a SNK000004263
|
| 035 |
|
|
|a urn:nbn:sk:snk-amli3l
|
| 035 |
|
|
|a urn:nbn:sk:snk-am00bn1o
|
| 035 |
|
|
|a 43D20B1F-6A4D-4EA6-B9DC-9CF30414E63C
|
| 040 |
|
|
|a SNK
|b slo
|c SNK
|e AACR2
|
| 041 |
0 |
|
|a slo
|
| 044 |
|
|
|a xo
|c SK
|
| 072 |
|
7 |
|a 004.4/.6
|x Programovanie. Softvér
|2 konspekt
|
| 072 |
|
7 |
|a 37.016
|x Učebné osnovy. Vyučovacie predmety. Učebnice
|2 konspekt
|
| 080 |
|
|
|a 004.451
|2 2011
|
| 080 |
|
|
|a (076.5)
|2 2011
|
| 080 |
|
|
|a (075.8)
|2 2011
|
| 100 |
1 |
|
|a Házy, Miroslav
|4 aut
|9 450367
|
| 245 |
1 |
0 |
|a Operačné systémy
|b návody na cvičenia
|c Miroslav Házy
|
| 250 |
|
|
|a 2. preprac. vyd.
|
| 260 |
|
|
|a Bratislava
|b Alfa
|c 1990
|
| 300 |
|
|
|a 163 strán
|b schémy, tabuľky
|c 30 cm
|
| 366 |
|
|
|e 150 kusov
|
| 500 |
|
|
|a Anglicko-slovensko-ruský slovník na strane 58
|
| 500 |
|
|
|a Obsahuje prílohu: Syntaktické diagramy jazyka Modula - 2, Zdrojový text Rande 1, Zdrojový text Rande 2, Stručný popis architektúry SMEP - mini
|
| 500 |
|
|
|a Obsahuje 4 kapitoly
|
| 504 |
|
|
|a Bibliografia na strane 59
|
| 650 |
0 |
7 |
|a operačné systémy
|2 SNKPH
|9 2069
|
| 655 |
|
7 |
|a praktické cvičenia
|2 SNKPH
|9 70517
|
| 655 |
|
7 |
|a učebnice vysokých škôl
|2 SNKPH
|9 70191
|
| 740 |
0 |
2 |
|a Úvod
|
| 740 |
0 |
2 |
|a Syntéza jadra operačného systému
|
| 740 |
0 |
2 |
|a Systém Rande 1
|
| 740 |
0 |
2 |
|a Systém Rande 2
|
| 852 |
|
|
|a Slovenská národná knižnica
|
| 919 |
|
|
|a 80-05-00203-3
|
| 954 |
|
|
|a odborná, vedecká literatúra pôvodná (slovenská)
|2 lita
|
| 958 |
|
|
|a RK
|
| 958 |
|
|
|a TL
|
| 958 |
|
|
|a OND
|
| 958 |
|
|
|a UV
|
| 958 |
|
|
|a NB
|
| 958 |
|
|
|a EUIPO
|
| 999 |
|
|
|c 1133480
|d 1135410
|
| 952 |
|
|
|t P60, <04>, [BOOK], {604}
|a SNK
|b SNK
|y VYP
|7 0
|p 17A0018833
|o snkSB 46551 D1
|0 0
|1 0
|4 0
|d 1996-11-19
|l 0
|r 2004-12-31 00:00:00
|w 2026-02-24
|
| 952 |
|
|
|a SNK
|b SNK
|y PREZ
|7 0
|p 17A0860295
|o snkSB 46551
|i snkKSP 3922/90
|0 0
|1 0
|4 0
|d 2012-07-16
|f 1
|l 0
|r 2025-01-31 00:00:00
|w 2026-02-24
|